Music Quiz

Random Music or Song Quiz

The Dandy Warhols' songs Quiz Stats

Quiz not verified by Sporcle

Challenge
Share
Tweet
Embed
Score 0/10 Timer 10:00
0 Plays Today
Year Song % Correct
2000Bohemian Like You
94%
2003We Used to Be Friends
82%
2000Godless
66%
1997Not If You Were The Last Junkie On The Earth
54%
1995Ride
42%
2005All The Money Or The Simple Life Honey
38%
2000Big Indian
36%
2008Talk Radio
32%
2003You Were The Last High
30%
2008Mission Control
26%

You're not logged in!

Compare scores with friends on all Sporcle quizzes.
Join for Free
OR
Log In

You Might Also Like...

Show Comments

Extras

Top Quizzes Today


Score Distribution

Your Account Isn't Verified!

In order to create a playlist on Sporcle, you need to verify the email address you used during registration. Go to your Sporcle Settings to finish the process.

Report this User

Report this user for behavior that violates our Community Guidelines.

Details: